Κατεδαφιζόμεθα
Αποθηκεύτηκε σε:
| Κύριος συγγραφέας: | |
|---|---|
| Μορφή: | Βιβλίο |
| Γλώσσα: | Greek |
| Δημοσίευση: |
Αθήνα :
Κέδρος,
1982.
|
| Θέματα: | |
| Ετικέτες: |
Προσθήκη ετικέτας
Δεν υπάρχουν, Καταχωρήστε ετικέτα πρώτοι!
|
MARC
| LEADER | 00000cam a2200000 i 4500 | ||
|---|---|---|---|
| 001 | 1/80143 | ||
| 008 | 050706s1982 gr | ||| |||| ||gre|| | ||
| 020 | |a 9600400067 | ||
| 035 | |l 10078949 | ||
| 040 | |a GR-MyUa |b gre |e AACR2 | ||
| 041 | 0 | |a gre | |
| 082 | 0 | |a 889.334 |2 (22) | |
| 082 | 7 | |a 889.3 |2 (23) | |
| 100 | 1 | |a Σωτηρίου, Διδώ, |d 1909-2005. | |
| 245 | 1 | 0 | |a Κατεδαφιζόμεθα / |c Διδώ Σωτηρίου. |
| 260 | |a Αθήνα : |b Κέδρος, |c 1982. | ||
| 300 | |a 361 σ. ; |c 21 εκ. | ||
| 500 | |a Το Παράρτημα Βιβλιοθήκης Ρόδου έχει την 9η έκδοση. | ||
| 500 | |3 Το παράρτημα Βιβλιοθήκης Σύρου έχει την 11η έκδοση του 1985. | ||
| 500 | |a Το παράρτημα Βιβλιοθήκης Χίου έχει την 26η έκδοση. | ||
| 650 | 0 | |a Greek fiction. | |
| 852 | |a INST |b CHIOS |e 20050706 |h 889.334 ΣΩΤ |p 005200022095 |q 005200022095 |t BK |y 0 | ||
| 852 | |a INST |b RHODES |c AKA |e 20190405 |h 889.334 ΣΩΤ |p 005400040605 |q 005400040605 |t BK |y 0 | ||
| 852 | |a INST |b SAMOS |e 20150709 |h 889.3 ΣΩΤ |p 005300042369 |q 005300042369 |t BK |y 0 | ||
| 852 | |a INST |b SYROS |e 20150610 |h 889.3 ΣΩΤ |p 005500012107 |q 005500012107 |t BK |y 0 | ||
| 901 | |a BIBL2-2005-2 | ||
| 920 | |a Βουρλώτη |b Αντώνιος και Θεοφανώ |y Σάμος |z 2015-07 | ||
| 922 | |a 2ΕΛΗ |b 200502 |c Κεντρική Βιβλιοθήκη |d Πυξίδα | ||
| 970 | |a Χαζίρη |b Άννα |z 05/06/2005 | ||